Largest Cities of the Confederate States of America by Population - Statistics

General Stats
  • This quiz has been taken 18 times
    10 since last reset
  • The average score is 62 of 122
Answer Stats
State Population Answer % Correct
Georgia 498,715 Atlanta
100%
Texas 961,855 Austin
100%
Texas 1,304,379 Dallas
100%
Texas 678,815 El Paso
100%
Texas 918,915 Fort Worth
100%
Texas 2,304,580 Houston
100%
Mississippi 153,701 Jackson
100%
Florida 949,611 Jacksonville
100%
Kentucky 633,045 Louisville
100%
Florida 442,241 Miami
100%
Louisiana 383,997 New Orleans
100%
Florida 307,573 Orlando
100%
Arizona 1,608,139 Phoenix
100%
North Carolina 467,665 Raleigh
100%
Virginia 226,610 Richmond
100%
Texas 1,434,625 San Antonio
100%
Missouri 301,578 St. Louis
100%
Florida 384,959 Tampa
100%
Alabama 200,733 Birmingham
83%
North Carolina 874,579 Charlotte
83%
Missouri 508,090 Kansas City
83%
Tennessee 633,104 Memphis
83%
Alabama 187,041 Mobile
83%
Alabama 200,603 Montgomery
83%
Tennesee 689,447 Nashville
83%
Arizona 553,871 Tucson
83%
Virginia 459,470 Virginia Beach
83%
Texas 200,393 Amarillo
67%
Texas 394,266 Arlington
67%
Louisiana 227,470 Baton Rouge
67%
Florida 194,016 Cape Coral
67%
Missouri 126,254 Columbia
67%
Florida 182,760 Fort Lauderdale
67%
North Carolina 299,035 Greensboro
67%
Alabama 215,006 Huntsville
67%
Tennessee 190,740 Knoxville
67%
Kentucky 322,570 Lexington
67%
Texas 257,141 Lubbock
67%
Georgia 157,346 Macon
67%
Arizona 527,666 Mesa
67%
Texas 114,428 Odessa
67%
Sequoyah 655,407 Oklahoma
67%
Georgia 147,780 Savannah
67%
Florida 258,308 St. Petersburg
67%
Florida 196,169 Tallahassee
67%
Texas 138,486 Waco
67%
Texas 125,182 Abilene
50%
Georgia 202,081 Augusta
50%
Texas 186,738 Brownsville
50%
Tennessee 181,099 Chattanooga
50%
Texas 317,863 Corpus Christi
50%
North Carolina 283,506 Durham
50%
North Carolina 208,501 Fayetteville
50%
Arizona 248,325 Glendale
50%
Louisiana 121,374 Lafayette
50%
Texas 255,205 Laredo
50%
Arkansas 202,591 Little Rock
50%
Texas 132,524 Midland
50%
Virginia 238,005 Norfolk
50%
Texas 285,494 Plano
50%
Arizona 241,361 Scottsdale
50%
Louisiana 187,593 Shreveport
50%
Sequoyah 413,066 Tulsa
50%
Texas 105,995 Tyler
50%
North Carolina 115,451 Wilmington
50%
North Carolina 249,545 Winston Salem
50%
Virginia 159,467 Alexandria
33%
Georgia 127,315 Athens
33%
Texas 115,282 Beaumont
33%
North Carolina 174,721 Cary
33%
Arizona 275,987 Chandler
33%
Virginia 249,422 Chesapeake
33%
Georgia 206,922 Columbus
33%
Texas 100,243 Edinburg
33%
Texas 200,509 Frisco
33%
Texas 246,018 Garland
33%
Florida 223,109 Hialeah
33%
North Carolina 114,059 High Point
33%
Texas 256,684 Irving
33%
Texas 114,392 League City
33%
Texas 142,210 McAllen
33%
Florida 111,640 Miami Gardens
33%
Tennessee 152,769 Murfreesboro
33%
Virginia 186,247 Newport News
33%
Arizona 190,985 Peoria
33%
Florida 112,046 Pompano Beach
33%
Texas 119,468 Round Rock
33%
Missouri 169,176 Springfield
33%
Arizona 180,587 Tempe
33%
Florida 117,415 West Palm Beach
33%
Texas 102,316 Wichita Falls
33%
Texas 104,627 Allen
17%
Sequoyah 113,540 Broken Arrow
17%
Tennessee 166,722 Clarksville
17%
Florida 117,292 Clearwater
17%
Texas 120,511 College Station
17%
North Carolina 105,240 Concord
17%
Texas 139,869 Denton
17%
Arizona 267,918 Gilbert
17%
Texas 196,100 Grand Prairie
17%
Florida 153,067 Hollywood
17%
Missouri 123,011 Independence
17%
Texas 153,095 Kileen
17%
Florida 112,641 Lakeland
17%
Arizona 111,385 Las Cruces
17%
Missouri 101,108 Lee's Summit
17%
Texas 111,822 Lewisville
17%
Texas 195,308 McKinney
17%
Florida 134,721 Miramar
17%
Sequoyah 128,026 Norman
17%
South Carolina 114,852 North Charleston
17%
Florida 119,760 Palm Bay
17%
Texas 151,950 Pasadena
17%
Texas 125,828 Pearland
17%
Florida 171,178 Pembroke Pines
17%
Florida 204,851 Port St. Lucie
17%
Texas 119,469 Richardson
17%
Georgia 108,080 Sandy Springs
17%
Georgia 107,436 South Fulton
17%
Texas 111,026 Sugar Land
17%
Arizona 143,148 Surprise
17%
Florida 105,691 Davie
0%
No matching quizzes found
Score Distribution
Percent of People with Each Score
Percentile by Number Answered
Your Score History
You have not taken this quiz since the last reset